| 000 | 00793cam a2200253 a 4500 | ||
|---|---|---|---|
| 999 |
_c4806 _d4806 |
||
| 001 | 26400865 | ||
| 003 | OCoLC | ||
| 005 | 20181214190611.0 | ||
| 008 | 920617s1992 coua b 000 0 eng | ||
| 010 | _a92024478 | ||
| 020 | _a1561790958 | ||
| 040 |
_aDLC _cDLC |
||
| 082 |
_a303.69 _bR789C |
||
| 092 |
_a303.69 _bR789C |
||
| 100 | 1 |
_aRosberg, Gary, _d1952- |
|
| 245 | 1 | 0 |
_aChoosing to love again : _brestoring broken relationships / _cGary Rosberg |
| 260 |
_aColorado Springs, CO : _bFocus on the Family Pub. ; _aDallas, Tex. : _bDistributed by Word Books, _cc1992 |
||
| 300 |
_axiii, 268 p. : _bill. ; _c25 cm |
||
| 504 | _aIncludes bibliographical references | ||
| 650 | 0 | _aConflict management | |
| 650 | 0 | _aInterpersonal conflict | |
| 650 | 0 | _aInterpersonal relations | |
| 942 |
_2ddc _cBK |
||